[Event "RUS-ch Blitz Women 2018"]
[Site "Sochi"]
[Date "2018.10.07"]
[Round "3"]
[White "Bodnaruk, Anastasia"]
[Black "Styazhkina, Anna"]
[Result "1-0"]
[WhiteElo "2423"]
[BlackElo "2268"]
[Annotator "TA"]
[PlyCount "59"]
[EventDate "2018.10.07"]
[EventType "swiss"]
[EventCountry "RUS"]
[SourceTitle "playchess.com"]
[Source "ChessBase"]
[SourceQuality "1"]

{[%evp 18,59,41,34,91,100,147,47,62,7,41,23,41,-11,0,-33,-38,-37,-27,-47,-55,-39,39,-339,-309,-333,-131,-134,-61,-136,281,20,169,168,225,217,886,824,889,868,854,859,29983,29984]} 1. e4 e5 2. Nf3 Nc6 3. Bc4 Bc5 4. O-O d6 5. c3 Nf6 6. d3 a6 7. Bb3 Ba7 8. Re1 h6 {C54: Giuoco Piano: 4 c3 Nf6, main lines with 5 d4 and 5 d3} (8... O-O 9. h3 h6 10. Nbd2 Re8 11. Nf1 Be6 12. Bc2 d5 13. Qe2 dxe4 14. dxe4 Qe7 15. Ng3 Rad8 16. Nh4 Qf8 17. Nhf5 Ne7 18. Ne3 Ng6 19. Ngf5 Nf4 {½-½ (38) Giri,A (2752)-Carlsen,M (2834) Wijk aan Zee 2018}) 9. Nbd2 Ne7 10. Nf1 {LiveBook: 6 Games} g5 $146 (10... O-O $14) ({Predecessor:} 10... Ng6 11. h3 O-O 12. Ng3 Re8 13. d4 b5 14. dxe5 dxe5 15. Qxd8 Rxd8 16. Be3 Bxe3 17. Rxe3 c5 18. Rd1 Rxd1+ 19. Bxd1 Be6 20. a3 Nd7 {½-½ (43) Padmini,R (2427)-Bachmann,A (2610) Gibraltar 2016}) 11. d4 $16 Ng6 12. dxe5 (12. Ng3 $1 $16) 12... Ng4 $14 13. Ne3 (13. Be3 $14 N4xe5 14. Bxa7 Rxa7 15. Ne3) 13... N4xe5 14. Nf5 Qf6 15. Bc2 ({White should play} 15. Ba4+ $14 b5 16. Bc2) 15... Bd7 16. N3d4 O-O-O 17. b4 Nf4 18. a4 h5 19. Be3 Ng4 (19... h4 $15) 20. Nb5 $2 {[%mdl 8192]} (20. b5 $14 {keeps the upper hand.}) 20... Bxe3 $1 $19 (20... axb5 21. Bxa7 Qe5 22. g3 $16) 21. fxe3 axb5 $2 (21... Nxg2 $19 {and Black stays clearly on top.} 22. Kxg2 Bxf5) 22. exf4 $17 {[#] Black must now prevent h3.} gxf4 ({Better is} 22... Bxf5 $1 $17 23. exf5 Qxc3 24. axb5 Rde8) 23. axb5 (23. Qd4 $15) 23... Bxb5 $2 {[%mdl 8192]} (23... Bxf5 $1 $17 24. exf5 Qh4) 24. Qf3 $2 (24. Ra8+ $18 Kd7 25. Ra5) 24... Qe5 (24... c6 $11 {and Black has nothing to worry.}) 25. h3 $36 {[%mdl 2048] Keeping Black busy.} Nf6 {[#]} (25... Kb8 {was worth a try.}) 26. Ra5 $1 {aiming for c4!} c6 $2 {[#]} (26... b6 27. Rxb5 Qxb5) 27. c4 $1 {[%mdl 512]} Qb2 (27... Bxc4 28. Rxe5) 28. cxb5 Qxc2 29. bxc6 Qxc6 30. Ne7+ {Precision: White = 32%, Black = 17%.} 1-0

[Event "RUS-ch Blitz Women 2018"]
[Site "Sochi"]
[Date "2018.10.07"]
[Round "3"]
[White "Shuvalova, Polina"]
[Black "Kabanova, Ekaterina"]
[Result "1-0"]
[WhiteElo "2421"]
[BlackElo "2082"]
[Annotator "NA"]
[PlyCount "91"]
[EventDate "2018.10.07"]
[EventType "swiss"]
[EventCountry "RUS"]
[SourceTitle "playchess.com"]
[Source "ChessBase"]
[SourceQuality "1"]
[TimeControl "180+2"]

1. e4 {[%emt 0:00:00]} c5 {[%emt 0:00:00]} 2. Nf3 {[%emt 0:00:00]} e6 {[%emt 0:00:00]} 3. c3 {[%emt 0:00:01]} a6 {[%emt 0:00:00]} 4. d4 Qc7 5. Bd3 {[%emt 0:00:09]} d6 {[%emt 0:00:02]} 6. O-O {[%emt 0:00:02]} Nd7 {[%emt 0:00:02]} 7. Re1 {[%emt 0:00:02]} Be7 {[%emt 0:00:02]} 8. d5 {[%emt 0:00:07]} e5 {[%emt 0:00:07]} 9. c4 {[%emt 0:00:01]} Bf6 {[%emt 0:00:17]} 10. Nc3 {[%emt 0:00:03]} Ne7 {[%emt 0:00:01]} 11. h3 {[%emt 0:00:07]} Ng6 {[%emt 0:00:02]} 12. Nh2 {[%emt 0:00:08]} Ndf8 {[%emt 0:00:05]} 13. Ng4 {[%emt 0:00:03]} Bxg4 {[%emt 0:00:01]} 14. hxg4 {[%emt 0:00:01]} h6 {[%emt 0:00:01]} 15. g3 {[%emt 0:00:05]} Nh7 {[%emt 0:00:08]} 16. Be3 {[%emt 0:00:04]} O-O {[%emt 0:00:11]} 17. Kg2 {[%emt 0:00:03]} Rfe8 {[%emt 0:00:10]} 18. Qd2 {[%emt 0:00:03]} Qd7 {[%emt 0:00:02]} 19. Qe2 {[%emt 0:00:07]} Rab8 {[%emt 0:00:02]} 20. Rab1 {[%emt 0:00:05]} b6 {[%emt 0:00:27]} 21. a3 {[%emt 0:00:02]} Bg5 {[%emt 0:00:20]} 22. Nd1 {[%emt 0:00:02]} Nf6 {[%emt 0:00:08]} 23. Bxg5 {[%emt 0:00:10]} hxg5 {[%emt 0:00:00]} 24. Ne3 {[%emt 0:00:02]} b5 {[%emt 0:00:06]} 25. Nf5 {[%emt 0:00:11]} Ne7 {[%emt 0:00:26]} 26. Rh1 {[%emt 0:00:15]} Nxf5 {[%emt 0:00:01]} 27. gxf5 {[%emt 0:00:05]} Kf8 {[%emt 0:00:02]} 28. Qd2 {[%emt 0:00:05]} bxc4 {[%emt 0:00:05]} 29. Bc2 {[%emt 0:00:01]} g4 {[%emt 0:00:06]} 30. Qg5 {[%emt 0:00:04]} Ke7 {[%emt 0:00:01]} 31. Qxg7 {[%emt 0:00:13]} Rg8 {[%emt 0:00:01]} 32. Qh6 {[%emt 0:00:02]} Rh8 {[%emt 0:00:03]} 33. Qg5 {[%emt 0:00:10]} Rbg8 {[%emt 0:00:08]} 34. Qd2 {[%emt 0:00:02]} Rxh1 {[%emt 0:00:20]} 35. Rxh1 {[%emt 0:00:01]} Qb5 {[%emt 0:00:00]} 36. Qc3 {[%emt 0:00:21]} Rb8 {[%emt 0:00:04]} 37. Rb1 {[%emt 0:00:03]} Rh8 {[%emt 0:00:02]} 38. Qe3 {[%emt 0:00:05]} Qb8 {[%emt 0:00:18]} 39. Bd1 {[%emt 0:00:10]} Rh5 {[%emt 0:00:06]} 40. Qe2 {[%emt 0:00:07]} Qh8 {[%emt 0:00:04]} 41. Qc2 {[%emt 0:00:33]} Rh1 {[%emt 0:00:01]} 42. Bxg4 {[%emt 0:00:06]} Nxg4 43. Rxh1 Qb8 {[%emt 0:00:05]} 44. Qd2 {[%emt 0:00:06]} Qb3 {[%emt 0:00:02]} 45. Qg5+ {[%emt 0:00:02]} Nf6 {[%emt 0:00:04]} 46. Rh6 {[%emt 0:00:02]} 1-0

[Event "RUS-ch Blitz Women 2018"]
[Site "Sochi"]
[Date "2018.10.07"]
[Round "3"]
[White "Ambartsumova, Karina"]
[Black "Shaydullina, Sandugach"]
[Result "1-0"]
[WhiteElo "2379"]
[BlackElo "2033"]
[Annotator "NA"]
[PlyCount "169"]
[EventDate "2018.10.07"]
[EventType "swiss"]
[EventCountry "RUS"]
[SourceTitle "playchess.com"]
[Source "ChessBase"]
[SourceQuality "1"]
[TimeControl "180+2"]

1. e4 {[%emt 0:00:00]} c5 {[%emt 0:00:00]} 2. Nf3 {[%emt 0:00:02]} d6 {[%emt 0:00:00]} 3. d4 {[%emt 0:00:01]} cxd4 {[%emt 0:00:00]} 4. Nxd4 {[%emt 0:00:01]} Nf6 {[%emt 0:00:01]} 5. Nc3 {[%emt 0:00:01]} a6 {[%emt 0:00:01]} 6. Be3 {[%emt 0:00:02]} Ng4 {[%emt 0:00:08]} 7. Bc1 {[%emt 0:00:04]} Nf6 {[%emt 0:00:05]} 8. h3 {[%emt 0:00:01]} g6 {[%emt 0:00:02]} 9. Be3 {[%emt 0:00:04]} Bg7 {[%emt 0:00:01]} 10. g4 {[%emt 0:00:16]} O-O {[%emt 0:00:03]} 11. Bg2 {[%emt 0:00:02]} Nc6 {[%emt 0:00:14]} 12. Nxc6 {[%emt 0:00:41]} bxc6 {[%emt 0:00:01]} 13. e5 {[%emt 0:00:00]} dxe5 {[%emt 0:00:04]} 14. Qxd8 {[%emt 0:00:02]} Rxd8 {[%emt 0:00:01]} 15. Bxc6 {[%emt 0:00:01]} Rb8 {[%emt 0:00:01]} 16. Rb1 {[%emt 0:00:01]} Rd6 {[%emt 0:00:19]} 17. Bg2 {[%emt 0:00:09]} Be6 {[%emt 0:00:05]} 18. O-O {[%emt 0:00:26]} Nd5 {[%emt 0:00:24]} 19. Nxd5 {[%emt 0:00:17]} Bxd5 {[%emt 0:00:02]} 20. Bc5 {[%emt 0:00:10]} Rd7 {[%emt 0:00:01]} 21. Bxd5 {[%emt 0:00:58]} Rxd5 {[%emt 0:00:01]} 22. Bxe7 {[%emt 0:00:02]} e4 {[%emt 0:00:02]} 23. b3 {[%emt 0:00:03]} Rd2 {[%emt 0:00:02]} 24. Rfc1 {[%emt 0:00:13]} Bd4 {[%emt 0:00:01]} 25. Bh4 {[%emt 0:00:01]} e3 {[%emt 0:00:01]} 26. fxe3 {[%emt 0:00:02]} Bxe3+ {[%emt 0:00:01]} 27. Kh1 {[%emt 0:00:01]} Rc8 {[%emt 0:00:06]} 28. Re1 {[%emt 0:00:02]} Bf4 {[%emt 0:00:17]} 29. Bf6 {[%emt 0:00:02]} Rh2+ {[%emt 0:00:15]} 30. Kg1 {[%emt 0:00:00]} Rxh3 {[%emt 0:00:05]} 31. Re2 {[%emt 0:00:01]} h5 {[%emt 0:00:08]} 32. Rbe1 {[%emt 0:00:02]} Rf8 {[%emt 0:00:14]} 33. gxh5 {[%emt 0:00:05]} Rxh5 {[%emt 0:00:15]} 34. Re8 {[%emt 0:00:02]} Rf5 {[%emt 0:00:01]} 35. Bd4 {[%emt 0:00:04]} f6 36. c4 {[%emt 0:00:01]} Bg3 {[%emt 0:00:11]} 37. R1e2 {[%emt 0:00:02]} Rf4 {[%emt 0:00:03]} 38. Bc5 {[%emt 0:00:03]} Rxe8 {[%emt 0:00:03]} 39. Rxe8+ {[%emt 0:00:00]} Kf7 {[%emt 0:00:00]} 40. Re7+ {[%emt 0:00:01]} Kg8 {[%emt 0:00:00]} 41. Kg2 {[%emt 0:00:02]} Bh4 {[%emt 0:00:04]} 42. Be3 {[%emt 0:00:04]} Rg4+ {[%emt 0:00:09]} 43. Kf3 {[%emt 0:00:01]} f5 {[%emt 0:00:01]} 44. Rb7 {[%emt 0:00:03]} Rg3+ {[%emt 0:00:02]} 45. Ke2 {[%emt 0:00:00]} Rg2+ {[%emt 0:00:03]} 46. Kd3 {[%emt 0:00:01]} Rxa2 {[%emt 0:00:01]} 47. c5 {[%emt 0:00:03]} Bg3 {[%emt 0:00:04]} 48. c6 {[%emt 0:00:02]} Ra3 {[%emt 0:00:12]} 49. Kc4 {[%emt 0:00:04]} Ra2 {[%emt 0:00:04]} 50. Kd3 {[%emt 0:00:04]} Ra3 {[%emt 0:00:02]} 51. Kc2 {[%emt 0:00:02]} Be5 {[%emt 0:00:04]} 52. c7 {[%emt 0:00:02]} Ra2+ {[%emt 0:00:02]} 53. Kd3 {[%emt 0:00:02]} Bxc7 {[%emt 0:00:04]} 54. Rxc7 {[%emt 0:00:01]} Ra3 {[%emt 0:00:04]} 55. Kc4 {[%emt 0:00:01]} a5 {[%emt 0:00:01]} 56. Bc5 {[%emt 0:00:01]} Ra1 {[%emt 0:00:04]} 57. Ra7 {[%emt 0:00:02]} f4 {[%emt 0:00:04]} 58. Bd4 {[%emt 0:00:01]} Ra2 {[%emt 0:00:03]} 59. Rg7+ {[%emt 0:00:04]} Kf8 {[%emt 0:00:03]} 60. Rxg6 {[%emt 0:00:01]} a4 {[%emt 0:00:01]} 61. b4 {[%emt 0:00:00]} Rc2+ {[%emt 0:00:05]} 62. Kd3 {[%emt 0:00:03]} Rc1 {[%emt 0:00:07]} 63. Rf6+ {[%emt 0:00:01]} Ke7 {[%emt 0:00:01]} 64. Rxf4 {[%emt 0:00:01]} a3 {[%emt 0:00:01]} 65. Rf2 {[%emt 0:00:06]} Rb1 {[%emt 0:00:03]} 66. Kc4 {[%emt 0:00:01]} Rd1 {[%emt 0:00:08]} 67. Ra2 {[%emt 0:00:03]} Rc1+ {[%emt 0:00:05]} 68. Bc3 Kd6 {[%emt 0:00:01]} 69. Rxa3 {[%emt 0:00:02]} Kc6 {[%emt 0:00:03]} 70. Ra6+ {[%emt 0:00:01]} Kb7 {[%emt 0:00:00]} 71. Rg6 {[%emt 0:00:01]} Kc7 {[%emt 0:00:05]} 72. b5 {[%emt 0:00:01]} Kb7 {[%emt 0:00:01]} 73. Kb4 {[%emt 0:00:02]} Rb1+ {[%emt 0:00:01]} 74. Kc5 {[%emt 0:00:01]} Rc1 {[%emt 0:00:02]} 75. Rg7+ {[%emt 0:00:03]} Kc8 {[%emt 0:00:03]} 76. Rg3 {[%emt 0:00:02]} Kb7 {[%emt 0:00:01]} 77. Kc4 {[%emt 0:00:04]} Rb1 {[%emt 0:00:03]} 78. Bb2 {[%emt 0:00:04]} Rh1 {[%emt 0:00:06]} 79. Bd4 {[%emt 0:00:05]} Rc1+ {[%emt 0:00:01]} 80. Kd5 {[%emt 0:00:00]} Rd1 {[%emt 0:00:06]} 81. Rg7+ {[%emt 0:00:00]} Kb8 {[%emt 0:00:02]} 82. Kc6 {[%emt 0:00:08]} Rxd4 {[%emt 0:00:05]} 83. Rg8+ {[%emt 0:00:01]} Ka7 {[%emt 0:00:00]} 84. b6+ {[%emt 0:00:01]} Ka6 {[%emt 0:00:01]} 85. Ra8# {[%emt 0:00:01]} 1-0

[Event "RUS-ch Blitz Women 2018"]
[Site "Sochi"]
[Date "2018.10.07"]
[Round "3"]
[White "Gritsayeva, Oksana"]
[Black "Charochkina, Daria"]
[Result "1/2-1/2"]
[WhiteElo "2378"]
[BlackElo "2344"]
[Annotator "NA"]
[PlyCount "141"]
[EventDate "2018.10.07"]
[EventType "swiss"]
[EventCountry "RUS"]
[SourceTitle "playchess.com"]
[Source "ChessBase"]
[SourceQuality "1"]
[TimeControl "180+2"]

1. e4 {[%emt 0:00:00]} c6 {[%emt 0:00:00]} 2. Nc3 {[%emt 0:00:02]} d5 {[%emt 0:00:00]} 3. Nf3 {[%emt 0:00:01]} Nf6 {[%emt 0:00:01]} 4. e5 {[%emt 0:00:15]} Ne4 {[%emt 0:00:05]} 5. Bd3 {[%emt 0:00:10]} Nxc3 {[%emt 0:00:05]} 6. dxc3 {[%emt 0:00:03]} h6 {[%emt 0:00:21]} 7. h3 {[%emt 0:00:06]} c5 {[%emt 0:00:01]} 8. O-O {[%emt 0:00:09]} Nc6 {[%emt 0:00:04]} 9. c4 {[%emt 0:00:10]} e6 {[%emt 0:00:06]} 10. a3 {[%emt 0:00:16]} Be7 {[%emt 0:00:04]} 11. Qe2 {[%emt 0:00:05]} O-O {[%emt 0:00:03]} 12. Bf4 {[%emt 0:00:09]} Bd7 {[%emt 0:00:17]} 13. Rfe1 {[%emt 0:00:09]} Re8 {[%emt 0:00:08]} 14. Rad1 {[%emt 0:00:06]} Bf8 {[%emt 0:00:07]} 15. Nh2 {[%emt 0:00:16]} Qh4 {[%emt 0:00:38]} 16. Bg3 {[%emt 0:00:10]} Qe7 {[%emt 0:00:11]} 17. Qh5 {[%emt 0:00:11]} g6 {[%emt 0:00:05]} 18. Qe2 {[%emt 0:00:13]} Bg7 {[%emt 0:00:02]} 19. c3 {[%emt 0:00:07]} Rad8 {[%emt 0:00:07]} 20. Ng4 {[%emt 0:00:06]} h5 {[%emt 0:00:02]} 21. Nh2 {[%emt 0:00:15]} Na5 {[%emt 0:00:06]} 22. cxd5 {[%emt 0:00:08]} exd5 {[%emt 0:00:01]} 23. Nf3 {[%emt 0:00:04]} Be6 {[%emt 0:00:09]} 24. Bh4 {[%emt 0:00:03]} Qc7 {[%emt 0:00:16]} 25. Bxd8 {[%emt 0:00:01]} Rxd8 {[%emt 0:00:02]} 26. Ng5 {[%emt 0:00:03]} Qe7 {[%emt 0:00:07]} 27. Nxe6 {[%emt 0:00:02]} Qxe6 {[%emt 0:00:00]} 28. Qe3 {[%emt 0:00:04]} b6 {[%emt 0:00:02]} 29. Qg5 {[%emt 0:00:04]} Rc8 {[%emt 0:00:26]} 30. f4 {[%emt 0:00:02]} c4 {[%emt 0:00:01]} 31. f5 {[%emt 0:00:02]} Qc6 {[%emt 0:00:03]} 32. Bc2 {[%emt 0:00:05]} Qc5+ {[%emt 0:00:02]} 33. Kh1 {[%emt 0:00:03]} Qf2 {[%emt 0:00:01]} 34. Qd2 {[%emt 0:00:06]} Qg3 {[%emt 0:00:03]} 35. fxg6 {[%emt 0:00:06]} Bxe5 {[%emt 0:00:09]} 36. gxf7+ {[%emt 0:00:03]} Kg7 {[%emt 0:00:04]} 37. Rxe5 {[%emt 0:00:06]} Qxe5 {[%emt 0:00:01]} 38. Qxd5 {[%emt 0:00:04]} Qxd5 {[%emt 0:00:02]} 39. Rxd5 {[%emt 0:00:01]} Kxf7 {[%emt 0:00:03]} 40. Rxh5 {[%emt 0:00:02]} Rd8 {[%emt 0:00:01]} 41. Rh7+ {[%emt 0:00:02]} Kf6 {[%emt 0:00:01]} 42. Rxa7 {[%emt 0:00:01]} Rd2 {[%emt 0:00:01]} 43. Be4 {[%emt 0:00:02]} Rxb2 {[%emt 0:00:02]} 44. Kh2 {[%emt 0:00:05]} Rb3 {[%emt 0:00:02]} 45. h4 {[%emt 0:00:02]} Rxc3 {[%emt 0:00:01]} 46. h5 {[%emt 0:00:01]} Kg5 {[%emt 0:00:06]} 47. Bf3 {[%emt 0:00:02]} Rxa3 {[%emt 0:00:01]} 48. Rg7+ {[%emt 0:00:03]} Kh6 {[%emt 0:00:01]} 49. Rg6+ {[%emt 0:00:01]} Kh7 {[%emt 0:00:01]} 50. Rxb6 {[%emt 0:00:01]} c3 {[%emt 0:00:03]} 51. Be4+ {[%emt 0:00:04]} Kg8 {[%emt 0:00:14]} 52. h6 {[%emt 0:00:02]} c2 {[%emt 0:00:02]} 53. h7+ {[%emt 0:00:02]} Kg7 {[%emt 0:00:01]} 54. Bxc2 {[%emt 0:00:03]} Rc3 {[%emt 0:00:01]} 55. Be4 {[%emt 0:00:02]} Rc8 {[%emt 0:00:01]} 56. Ra6 {[%emt 0:00:01]} Nc4 {[%emt 0:00:01]} 57. Ra7+ {[%emt 0:00:01]} Kh8 {[%emt 0:00:01]} 58. Kh3 {[%emt 0:00:02]} Nd6 {[%emt 0:00:01]} 59. Bd3 {[%emt 0:00:02]} Rf8 {[%emt 0:00:03]} 60. Kh4 {[%emt 0:00:03]} Nf7 {[%emt 0:00:02]} 61. g4 {[%emt 0:00:02]} Ne5 {[%emt 0:00:01]} 62. Bf5 {[%emt 0:00:01]} Nf3+ {[%emt 0:00:05]} 63. Kh5 {[%emt 0:00:01]} Nd4 {[%emt 0:00:01]} 64. Be4 {[%emt 0:00:02]} Ne6 {[%emt 0:00:00]} 65. g5 {[%emt 0:00:05]} Nxg5 {[%emt 0:00:07]} 66. Kxg5 {[%emt 0:00:01]} Re8 {[%emt 0:00:01]} 67. Bf5 {[%emt 0:00:01]} Rf8 {[%emt 0:00:02]} 68. Bg6 {[%emt 0:00:02]} Rd8 {[%emt 0:00:01]} 69. Re7 {[%emt 0:00:02]} Rd5+ {[%emt 0:00:01]} 70. Kh6 {[%emt 0:00:02]} Rh5+ {[%emt 0:00:02]} 71. Kxh5 {[%emt 0:00:03]} 1/2-1/2

[Event "RUS-ch Blitz Women 2018"]
[Site "Sochi"]
[Date "2018.10.07"]
[Round "3"]
[White "Voit, Daria"]
[Black "Solozhenkina, Elizaveta"]
[Result "1-0"]
[WhiteElo "2352"]
[BlackElo "2276"]
[Annotator "NA"]
[PlyCount "63"]
[EventDate "2018.10.07"]
[EventType "swiss"]
[EventCountry "RUS"]
[SourceTitle "playchess.com"]
[Source "ChessBase"]
[SourceQuality "1"]
[TimeControl "180+2"]

1. Nf3 {[%emt 0:00:00]} Nf6 {[%emt 0:00:00]} 2. c4 {[%emt 0:00:00]} e6 {[%emt 0:00:00]} 3. g3 {[%emt 0:00:03]} d5 {[%emt 0:00:01]} 4. Bg2 {[%emt 0:00:02]} d4 {[%emt 0:00:10]} 5. O-O {[%emt 0:00:03]} c5 {[%emt 0:00:03]} 6. d3 {[%emt 0:00:01]} Nc6 {[%emt 0:00:05]} 7. e3 {[%emt 0:00:00]} Bd6 {[%emt 0:00:35]} 8. exd4 {[%emt 0:00:04]} cxd4 {[%emt 0:00:01]} 9. Na3 {[%emt 0:00:01]} O-O {[%emt 0:00:10]} 10. Nc2 {[%emt 0:00:02]} e5 {[%emt 0:00:21]} 11. a3 {[%emt 0:00:09]} a5 {[%emt 0:00:02]} 12. b3 {[%emt 0:00:00]} Re8 {[%emt 0:00:05]} 13. Rb1 {[%emt 0:00:22]} h6 {[%emt 0:00:39]} 14. b4 {[%emt 0:00:09]} axb4 {[%emt 0:00:03]} 15. axb4 {[%emt 0:00:01]} Bf5 {[%emt 0:00:01]} 16. b5 {[%emt 0:00:38]} Na5 {[%emt 0:00:09]} 17. Re1 {[%emt 0:00:21]} Nd7 {[%emt 0:00:13]} 18. Nb4 {[%emt 0:00:06]} Nc5 {[%emt 0:00:11]} 19. Ra1 {[%emt 0:00:39]} Ncb3 {[%emt 0:00:09]} 20. Ra4 {[%emt 0:00:05]} Nxc1 {[%emt 0:00:20]} 21. Qxc1 {[%emt 0:00:02]} Nb3 {[%emt 0:00:01]} 22. Qa3 {[%emt 0:00:12]} Rxa4 {[%emt 0:00:03]} 23. Qxa4 {[%emt 0:00:01]} Nc5 {[%emt 0:00:03]} 24. Qd1 {[%emt 0:00:18]} Qa5 {[%emt 0:00:03]} 25. Nxd4 {[%emt 0:00:05]} Qxb4 {[%emt 0:00:03]} 26. Nxf5 {[%emt 0:00:01]} Bc7 {[%emt 0:00:06]} 27. Bd5 {[%emt 0:00:04]} Qc3 {[%emt 0:00:06]} 28. Re3 {[%emt 0:00:01]} b6 {[%emt 0:00:03]} 29. Qg4 {[%emt 0:00:04]} e4 {[%emt 0:00:03]} 30. d4 {[%emt 0:00:05]} Qc1+ {[%emt 0:00:03]} 31. Kg2 {[%emt 0:00:01]} g6 {[%emt 0:00:02]} 32. Qxg6+ {[%emt 0:00:02]} 1-0

[Event "RUS-ch Blitz Women 2018"]
[Site "Sochi"]
[Date "2018.10.07"]
[Round "3"]
[White "Maltsevskaya, Aleksandra"]
[Black "Ivanova, Karina"]
[Result "1-0"]
[WhiteElo "2290"]
[BlackElo "2124"]
[Annotator "NA"]
[PlyCount "46"]
[EventDate "2018.10.07"]
[EventType "swiss"]
[EventCountry "RUS"]
[SourceTitle "playchess.com"]
[Source "ChessBase"]
[SourceQuality "1"]
[TimeControl "180+2"]

1. c4 {[%emt 0:00:00]} Nf6 {[%emt 0:00:05]} 2. Nf3 {[%emt 0:00:06]} e6 {[%emt 0:00:01]} 3. g3 {[%emt 0:00:01]} b6 {[%emt 0:00:02]} 4. Bg2 {[%emt 0:00:02]} Bb7 {[%emt 0:00:01]} 5. O-O {[%emt 0:00:03]} Be7 {[%emt 0:00:02]} 6. Nc3 {[%emt 0:00:16]} O-O {[%emt 0:00:04]} 7. d3 {[%emt 0:00:19]} d5 {[%emt 0:00:17]} 8. cxd5 {[%emt 0:00:03]} Nxd5 {[%emt 0:00:04]} 9. a3 {[%emt 0:00:17]} c5 {[%emt 0:00:16]} 10. Qc2 {[%emt 0:00:01]} Nc6 {[%emt 0:00:20]} 11. Nxd5 {[%emt 0:00:13]} Qxd5 {[%emt 0:00:10]} 12. e4 {[%emt 0:00:47]} Qd7 {[%emt 0:00:05]} 13. Rd1 {[%emt 0:00:01]} Bf6 {[%emt 0:00:26]} 14. Bd2 {[%emt 0:00:08]} Nd4 {[%emt 0:00:09]} 15. Nxd4 {[%emt 0:00:01]} Bxd4 16. Bc3 Rac8 {[%emt 0:00:11]} 17. Qe2 {[%emt 0:00:08]} e5 {[%emt 0:00:04]} 18. a4 {[%emt 0:00:04]} a5 {[%emt 0:00:24]} 19. h4 {[%emt 0:00:02]} Bc6 {[%emt 0:00:08]} 20. Qc2 {[%emt 0:00:11]} Rce8 {[%emt 0:00:23]} 21. Kh2 {[%emt 0:00:03]} Qd6 {[%emt 0:00:04]} 22. Qe2 {[%emt 0:00:15]} Bb7 {[%emt 0:00:08]} 23. Rf1 {[%emt 0:00:09]} Qc6 1-0

[Event "RUS-ch Blitz Women 2018"]
[Site "Sochi"]
[Date "2018.10.07"]
[Round "3"]
[White "Diakonova, Ekaterina"]
[Black "Vasilevich, Tatjana"]
[Result "0-1"]
[WhiteElo "2236"]
[BlackElo "2360"]
[Annotator "NA"]
[PlyCount "110"]
[EventDate "2018.10.07"]
[EventType "swiss"]
[EventCountry "RUS"]
[SourceTitle "playchess.com"]
[Source "ChessBase"]
[SourceQuality "1"]
[TimeControl "180+2"]

1. e4 {[%emt 0:00:00]} c5 {[%emt 0:00:00]} 2. Nf3 {[%emt 0:00:00]} e6 {[%emt 0:00:00]} 3. d4 {[%emt 0:00:01]} cxd4 {[%emt 0:00:00]} 4. Nxd4 {[%emt 0:00:01]} Nc6 {[%emt 0:00:01]} 5. Nc3 {[%emt 0:00:02]} Qc7 {[%emt 0:00:01]} 6. g3 {[%emt 0:00:01]} d6 {[%emt 0:00:06]} 7. Bg2 {[%emt 0:00:01]} Bd7 {[%emt 0:00:02]} 8. O-O {[%emt 0:00:04]} a6 {[%emt 0:00:03]} 9. Be3 {[%emt 0:00:17]} Be7 {[%emt 0:00:03]} 10. f4 {[%emt 0:00:01]} Nf6 {[%emt 0:00:03]} 11. g4 {[%emt 0:00:02]} h5 {[%emt 0:00:23]} 12. h3 {[%emt 0:00:31]} hxg4 {[%emt 0:00:04]} 13. hxg4 {[%emt 0:00:01]} Nxd4 {[%emt 0:00:17]} 14. Bxd4 {[%emt 0:00:02]} e5 {[%emt 0:00:05]} 15. g5 {[%emt 0:00:12]} exd4 {[%emt 0:00:10]} 16. gxf6 {[%emt 0:00:01]} dxc3 {[%emt 0:00:16]} 17. fxe7 {[%emt 0:00:01]} Kxe7 {[%emt 0:00:27]} 18. Qd4 {[%emt 0:00:27]} cxb2 {[%emt 0:00:10]} 19. Qxb2 {[%emt 0:00:01]} Qc5+ {[%emt 0:00:09]} 20. Rf2 {[%emt 0:00:02]} Rh4 {[%emt 0:00:06]} 21. e5 {[%emt 0:00:35]} Rxf4 {[%emt 0:00:10]} 22. Raf1 {[%emt 0:00:01]} dxe5 {[%emt 0:00:04]} 23. Qxb7 {[%emt 0:00:03]} Rh8 {[%emt 0:00:07]} 24. Qxa6 {[%emt 0:00:05]} Rh6 {[%emt 0:00:03]} 25. Qb7 {[%emt 0:00:35]} Rg6 {[%emt 0:00:03]} 26. a3 {[%emt 0:00:00]} Rfg4 {[%emt 0:00:08]} 27. Kh1 {[%emt 0:00:08]} Rh4+ {[%emt 0:00:05]} 28. Kg1 {[%emt 0:00:01]} Ke8 {[%emt 0:00:13]} 29. Qa8+ {[%emt 0:00:04]} Ke7 {[%emt 0:00:01]} 30. Qb7 {[%emt 0:00:00]} Ke8 {[%emt 0:00:00]} 31. Qa8+ {[%emt 0:00:01]} Ke7 {[%emt 0:00:01]} 32. Qb7 {[%emt 0:00:01]} Rf4 {[%emt 0:00:07]} 33. c4 {[%emt 0:00:10]} Qxc4 {[%emt 0:00:12]} 34. Rxf4 {[%emt 0:00:03]} exf4 {[%emt 0:00:01]} 35. Qb4+ {[%emt 0:00:10]} Qxb4 36. axb4 {[%emt 0:00:01]} Bc6 {[%emt 0:00:03]} 37. Re1+ {[%emt 0:00:02]} Kd6 {[%emt 0:00:02]} 38. Rd1+ {[%emt 0:00:01]} Ke7 {[%emt 0:00:02]} 39. Re1+ {[%emt 0:00:01]} Kf8 {[%emt 0:00:01]} 40. b5 {[%emt 0:00:07]} Bxg2 {[%emt 0:00:02]} 41. Kf2 {[%emt 0:00:03]} Bb7 {[%emt 0:00:01]} 42. Rc1 {[%emt 0:00:08]} Rb6 {[%emt 0:00:03]} 43. Rc5 {[%emt 0:00:00]} Ke7 {[%emt 0:00:01]} 44. Rg5 {[%emt 0:00:03]} g6 {[%emt 0:00:01]} 45. Ke2 {[%emt 0:00:02]} Kf6 {[%emt 0:00:03]} 46. Rc5 {[%emt 0:00:01]} g5 {[%emt 0:00:01]} 47. Kf2 {[%emt 0:00:01]} g4 {[%emt 0:00:01]} 48. Rc4 {[%emt 0:00:02]} Kf5 {[%emt 0:00:02]} 49. Rc5+ {[%emt 0:00:00]} Ke4 {[%emt 0:00:02]} 50. Rg5 {[%emt 0:00:02]} g3+ {[%emt 0:00:01]} 51. Kg2 {[%emt 0:00:01]} f5 52. Rg8 {[%emt 0:00:02]} Rxb5 {[%emt 0:00:03]} 53. Re8+ {[%emt 0:00:02]} Re5 {[%emt 0:00:01]} 54. Rb8 {[%emt 0:00:01]} Bd5 {[%emt 0:00:02]} 55. Rb4+ {[%emt 0:00:01]} Ke3+ {[%emt 0:00:01]} 0-1